Metodología constructivista: guía para la planeación docente

Saved in:
Bibliografiske detaljer
Hovedforfatter: Pimienta Prieto, Julio Herminio (Author)
Format: Bog
Sprog:spansk
Udgivet: Cuernavaca Pearson Educación 2007
Udgivelse:2a. ed
Fag:
Tags: Tilføj Tag
Ingen Tags, Vær først til at tagge denne postø!

MARC

LEADER 00000cam a2200000 a 4500
001 UCE7294
003 CL-VaPUC
008 150605e20070000mx |||||||||||||||||spa|d
020 |a 9789702610403 
082 0 4 |a 371.207  |b PIM  |2 21 
100 0 |a Pimienta Prieto, Julio Herminio  |e author  |9 579978 
245 1 0 |a Metodología constructivista: guía para la planeación docente 
250 |a 2a. ed 
300 |a 162 p 
942 |c BK 
945 |d 20150605 14:50:00  |a dcastane 
260 |a Cuernavaca  |b Pearson Educación  |c 2007 
650 0 |a Planificación de la educación   |9 307333 
650 0 |a Métodos de enseñanza  |9 270413 
583 |a last modification  |c 20150605 14:50:00  |k Rodrigo Vera 
999 |c 359395  |d 359393 
952 |0 0  |1 0  |3 erb  |4 0  |6 371_207000000000000_PIM_2007  |7 0  |8 A  |9 468567  |a FDOPOS  |b FDOPOS  |i 5162327  |o 371.207 PIM 2007  |p 5162327  |r 2025-01-22  |w 2019-11-23  |y BK  |z Catalogado en:20150605  |k MED